000 00414nam a2200145Ia 4500
008 100204s9999 xx 000 0 und d
082 _b10308
100 _aप्रफुल्ल दत्त
245 _aऔदुंबर
260 _b"रोहन प्रकाशन , मुंबई"
_c1987
300 _a116
630 _aऔदुंबर
730 _aऔदुंबर
942 _cBOOK
999 _c454744
_d454741